Countries of the Middle East - AP Hug Edition - Statistics

General Stats
  • This quiz has been taken 42 times
  • The average score is 16 of 19
Answers on the Map
Answers color-coded by a green-red scale on the quiz's map according to % correct below.
 
Answer Stats
Country % Correct
Iran
93%
Iraq
93%
Saudi Arabia
93%
Israel
89%
Oman
89%
Turkey
89%
Jordan
86%
Lebanon
86%
Qatar
86%
Syria
86%
Yemen
86%
Cyprus
82%
Kuwait
79%
Armenia
75%
Azerbaijan
75%
Egypt
75%
Georgia
75%
Bahrain
71%
United Arab Emirates
71%
No matching quizzes found
Score Distribution
Percent of People with Each Score
Percentile by Number Answered
Your Score History
You have not taken this quiz